LIBRARY & INFORMATION CENTRE, KCAET, TAVANUR

ONLINE PUBLIC ACCESS CATALOGUE (OPAC)

Innathe America (Record no. 630)

MARC details
000 -LEADER
fixed length control field 00378cam a2200169ua 4500
041 ## - LANGUAGE CODE
Language code of text/sound track or separate title mal
082 ## - DEWEY DECIMAL CLASSIFICATION NUMBER
Classification number 951
Item number SRE/IN
100 ## - MAIN ENTRY--AUTHOR NAME
Personal name Sreedevi, .
245 ## - TITLE STATEMENT
Title Innathe America
260 ## - PUBLICATION, DISTRIBUTION, ETC. (IMPRINT)
Place of publication Kottayam :
Name of publisher Vidyarthi Mithram Book Depo ,
Year of publication 1966.
300 ## - PHYSICAL DESCRIPTION
Number of Pages 210 ; .
942 ## - ADDED ENTRY ELEMENTS (KOHA)
Koha item type Books
Holdings
Withdrawn status Lost status Damaged status Home library Current library Date acquired Full call number Accession Number Koha item type
Withdrawn     KAUAET KAUAET 07/04/2012 951 9336 Books
free website counter